000 00254 a2200097 4500
001 15167
100 _aMiller D
245 _athe fundamental principles practice of technical drawing
260 _aLondon
_bThe grant educational
_c
090 _c11911
_d11911
942 _aNUST-CAE
_cM
_c2127
999 _c250240
_d250240